Privatisation: tread softly (Record no. 2134)

000 -LEADER
fixed length control field 00312pab a2200133 454500
008 - FIXED-LENGTH DATA ELEMENTS--GENERAL INFORMATION
fixed length control field 180718b xxu||||| |||| 00| 0 eng d
100 ## - MAIN ENTRY--PERSONAL NAME
Personal name Arvind
245 ## - TITLE STATEMENT
Title Privatisation: tread softly
650 ## - SUBJECT ADDED ENTRY--TOPICAL TERM
Topical term or geographic name entry element Government Enterprise
650 ## - SUBJECT ADDED ENTRY--TOPICAL TERM
Topical term or geographic name entry element Privatisation
700 ## - ADDED ENTRY--PERSONAL NAME
Personal name S., Chatterjee
773 ## - HOST ITEM ENTRY
Main entry heading Yojana
909 ## -
-- 2134
Holdings
Withdrawn status Lost status Damaged status Not for loan Permanent Location Current Location Date acquired Serial Enumeration / chronology Barcode Date last seen Price effective from Koha item type
        Indian Institute of Public Administration Indian Institute of Public Administration 2018-07-19 Issue no: 35(19), 31 Oct.91, p.18-19, 21 AR2134 2018-07-19 2018-07-19 Articles

Powered by Koha